Documentació notarial i arxius : els fons notarials com a eina per a la recerca històrica / [Coordinació de les jornades: Joel Colomer] els fons notarials com a eina per a la recerca històrica / [Coordinació de les jornades:
Descripción Física:
308 p. : fot., gràf. ; 23 cm
Otros Autores:
Colomer, Joan
Materias:
Arxius notarials -- Congressos
MARC
| LEADER | 00000nam a2200000Ia 4500 | ||
|---|---|---|---|
| 001 | 19156 | ||
| 008 | 160829s2007 xx 000 0 cat d | ||
| 080 | |a A-2-285 | ||
| 245 | |a Documentació notarial i arxius : |b els fons notarials com a eina per a la recerca històrica / [Coordinació de les jornades: |b Joel Colomer] | ||
| 260 | |a Barcelona : |b Departament de Cultura i Mijtans de Comunicació, |c 2007 | ||
| 300 | |a 308 p. : |b fot., gràf. ; |c 23 cm | ||
| 590 | |a Jornades celebrades els dies 5 i 6 d'octubre de 2006 a l'Arxiu Històric de Girona | ||
| 650 | |a Arxius notarials |x Congressos |9 45258 | ||
| 700 | |a Colomer, Joan |9 45259 | ||
| 901 | |a Arxiu | ||
| 942 | |n 1 | ||
| 952 | |0 0 |1 0 |4 0 |6 A2285 |7 1 |9 52482 |a Arxiu |b Arxiu |d 2016-12-01 |l 0 |o A-2-285 |p 19156 |r 2016-12-01 00:00:00 |w 2016-12-01 |y ARXIU | ||
| 999 | |c 56330 |d 56330 | ||